Использование инструментов MedSpaCy и DeepPavlov для извлечения симптомов COVID-19 и лекарств из медицинских текстов; Молодежь и современные информационные технологии

Dades bibliogràfiques
Parent link:Молодежь и современные информационные технологии.— 2024.— С. 23-25
Autor principal: Соколовский Д. Е.
Sumari:Протестированы инструменты MedSpaCy и DeepPavlov для извлечения именованных сущностей (симптомов заболеваний и медикаментов с дозировками соответственно), которые показали значительное улучшение точности в этой части системы. По результатам анализа статей исследователей, экспериментов и тестирования работы инструментов, применен и протестирован метод гибридного подхода для увеличения точности системы по F1-мере
Текстовый файл
Idioma:rus
Publicat: 2024
Col·lecció:Искусственный интеллект, машинное обучение и большие данные
Matèries:
Accés en línia:http://earchive.tpu.ru/handle/11683/84825
Format: Electrònic Capítol de llibre
KOHA link:https://koha.lib.tpu.ru/cgi-bin/koha/opac-detail.pl?biblionumber=674986

MARC

LEADER 00000naa2a2200000 4500
001 674986
005 20250226102833.0
090 |a 674986 
100 |a 20240927d2024 k||y0rusy50 ca 
101 0 |a rus 
102 |a RU 
135 |a drbn ---uucaa 
200 1 |a Использование инструментов MedSpaCy и DeepPavlov для извлечения симптомов COVID-19 и лекарств из медицинских текстов  |f Соколовский Д. Е. 
225 1 |a Искусственный интеллект, машинное обучение и большие данные 
283 |2 RDAcarrier 
320 |a Список использованных источников: 9 назв. 
330 |a Протестированы инструменты MedSpaCy и DeepPavlov для извлечения именованных сущностей (симптомов заболеваний и медикаментов с дозировками соответственно), которые показали значительное улучшение точности в этой части системы. По результатам анализа статей исследователей, экспериментов и тестирования работы инструментов, применен и протестирован метод гибридного подхода для увеличения точности системы по F1-мере 
336 |a Текстовый файл 
463 |0 674802  |9 674802  |c Томск  |d 2024  |n Изд-во ТПУ  |o сборник трудов XXI Международной научно-практической конференции студентов, аспирантов и молодых ученых, 15–18 апреля 2024 г., Томск  |t Молодежь и современные информационные технологии  |u conference_tpu-2024-C04.pdf  |v С. 23-25  |f ред. кол. А. С. Фадеев, Н. Г. Марков, В. Г. Спицын [и др.] 
610 1 |a электронный ресурс 
610 1 |a труды учёных ТПУ 
610 1 |a SpaСy 
610 1 |a DeepPavlov 
610 1 |a именованные сущности 
700 1 |a Соколовский  |b Д. Е. 
801 0 |a RU  |b 63413507  |c 20240927 
850 |a 63413507 
856 4 |u http://earchive.tpu.ru/handle/11683/84825  |z http://earchive.tpu.ru/handle/11683/84825 
942 |c CF